00524nam a22001697a 4500999001900000005001700019010001300036020002600049037001700075100002200092245010500114250001100219260003200230270005600262300001900318942001700337 c181834d18183420211101165218.0 aEN230921 a9789353168193c527.00 bMc Graw Hill aSinghania, Nitin  aIndian art and culture:bfor civil services and other competitive examinations /cby Nitin Singhania a3th ed aChennaibMc Graw Hillc2020 a5/90A, Butt Road, St. Thomas MountbChennaie600116 avp.c24cm(pbk) 2ddccENmSIN